00534 2200205 4500001002100000005001500021035002000036007000300056008004100059020000600100082001200106100002000118245004700138250001100185260003700196300003300233084001800266650002800284990001600312INLIS00000000000205320260407123310 a0010-0326000002ta260407 g 0 ind  a- a297.2460 aM. ZAINUDDIN AR1 aKISAH 25 NABI DAN RASUL /cM. ZAINUDDIN AR aCet. 1 aSurabaya :bCentral Media,c2021 a128 hlm :b- ;c14,5 x 21 cm a297.246 M. k aKISAH 25 NABI DAN RASUL a00000016229